Straßenbahnlinie 49 (Wien - Statistiken

Allgemein
  • Dieses Quiz wurde 9 mal gespielt
  • Das Durchschnittsergebnis liegt bei 17 aus 24
Antwortstatistiken
Station % Korrekt
Hütteldorf, Bujattigasse
100%
Johnstraße
100%
Schweglerstraße
100%
Huglgasse
86%
Hütteldorfer Straße, Lützowgasse
86%
Urban-Loritz-Platz
86%
Volkstheater
86%
Baumgarten
71%
Beingasse
71%
Breitensee
71%
Hütteldorfer Straße
71%
Leyserstraße
71%
Rettichgasse
71%
Ring, Volkstheater
71%
Seckendorfstraße
71%
Deutschordenstraße
57%
Hütteldorfer Straße, Hochsatzengasse
57%
Satzberggasse
57%
Siebensterngasse
57%
Westbahnstraße, Kaiserstraße
57%
Westbahnstraße, Neubaugasse
57%
Westbahnstraße, Zieglergasse
57%
Stiftgasse
43%
Waidhausenstraße
43%
Keine übereinstimmenden Quizze gefunden
Verteilung der Resultate
Anzahl Personen mit jedem Resultat
Perzentil nach korrekt beantworteten Fragen
Ihre Resultats-Entwicklung
Sie haben dieses Quiz noch nicht gespielt